big way: a novel (Record no. 15547)
[ view plain ]
| 000 -LEADER | |
|---|---|
| fixed length control field | 00321nam a2200133Ia 4500 |
| 008 - FIXED-LENGTH DATA ELEMENTS--GENERAL INFORMATION | |
| fixed length control field | 191206s9999 xx 000 0 und d |
| 020 ## - INTERNATIONAL STANDARD BOOK NUMBER | |
| International Standard Book Number | 887841880 |
| 090 ## - | |
| -- | PS85951624B44 |
| 245 #0 - TITLE STATEMENT | |
| Title | big way: a novel |
| 260 ## - PUBLICATION, DISTRIBUTION, ETC. | |
| Place of publication, distribution, etc. | House of Anansi Press |
| 260 ## - PUBLICATION, DISTRIBUTION, ETC. | |
| Date of publication, distribution, etc. | c2004 |
| 300 ## - PHYSICAL DESCRIPTION | |
| Extent | 376 p. ; 23 cm. |
| Withdrawn status | Lost status | Source of classification or shelving scheme | Damaged status | Not for loan | Home library | Current library | Date acquired | Inventory number | Total Checkouts | Full call number | Barcode | Date last seen | Price effective from | Koha item type |
|---|---|---|---|---|---|---|---|---|---|---|---|---|---|---|
| CUZ Bulawayo Campus | CUZ Bulawayo Campus | 06.12.2019 | CUB00666 | PS85951624B44 | BBK000219 | 06.12.2019 | 06.12.2019 | OS Book |